Combustion engine processes (Record no. 20638)

000 -LEADER
fixed length control field 00567nam a22002051 4500
001 - CONTROL NUMBER
control field 20638
003 - CONTROL NUMBER IDENTIFIER
control field BD-DhUET
008 - FIXED-LENGTH DATA ELEMENTS--GENERAL INFORMATION
fixed length control field 780509s1967 nyua b 001 0 eng
040 ## - CATALOGING SOURCE
Original cataloging agency DLC
Transcribing agency LDC
Modifying agency BD-DhUET
082 00 - DEWEY DECIMAL CLASSIFICATION NUMBER
Classification number 621.43
Item number LIC/1967
100 ## - MAIN ENTRY--PERSONAL NAME
Personal name Lichty, Lester C.
245 10 - TITLE STATEMENT
Title Combustion engine processes
250 ## - EDITION STATEMENT
Edition statement 1st ed.
260 ## - PUBLICATION, DISTRIBUTION, ETC. (IMPRINT)
Place of publication, distribution, etc. New York
Name of publisher, distributor, etc. McGraw-Hill
Date of publication, distribution, etc. 1967
300 ## - PHYSICAL DESCRIPTION
Extent ix, 654p.
Other physical details illus
Dimensions 23 cm.
490 0# - SERIES STATEMENT
Series statement McGraw-Hill series in mechanical engineering
504 ## - BIBLIOGRAPHY, ETC. NOTE
Bibliography, etc Includes bibliographies
650 #0 - SUBJECT ADDED ENTRY--TOPICAL TERM
Topical term or geographic name as entry element Internal combustion engines
942 ## - ADDED ENTRY ELEMENTS (KOHA)
Koha item type General Book
Holdings
Copy number Koha full call number Piece designation (barcode) Not for loan Location (home branch) Lost status Koha normalized classification for sorting Source of classification or shelving scheme Price effective from Sublocation or collection (holding branch) Koha item type Date acquired Withdrawn status Damaged status Koha date last seen Shelving location
1621.43/LIC/196715520 Central Library, BUET 621_430000000000000_LIC_1967 2015-04-12Central Library, BUETGeneral Book2015-04-12  2017-04-26Circulation section
2621.43/LIC/196715521 Central Library, BUET 621_430000000000000_LIC_1967 2015-04-13Central Library, BUETGeneral Book2015-04-13  2015-04-13Circulation section
3621.43/LIC/196743564 Central Library, BUET 621_430000000000000_LIC_1967 2015-04-13Central Library, BUETGeneral Book2015-04-13  2015-04-13Circulation section
4621.43/LIC/196725971 Central Library, BUET 621_430000000000000_LIC_1967 2015-04-13Central Library, BUETGeneral Book2015-04-13  2015-04-13Circulation section
5621.43/LIC/196724519 Central Library, BUET 621_430000000000000_LIC_1967 2015-04-13Central Library, BUETGeneral Book2015-04-13  2015-04-13Circulation section
6621.43/LIC/196720396 Central Library, BUET 621_430000000000000_LIC_1967 2015-04-13Central Library, BUETGeneral Book2015-04-13  2015-04-13Circulation section